| 000 | 00553 a2200157 4500 | ||
|---|---|---|---|
| 082 | _a200 | ||
| 100 |
_aAdnan Iqbal _9124754 |
||
| 245 |
_aReliable data delivery in wireless sensor and ad hoc networks/ _cAdnan Iqbal |
||
| 260 |
_aIslamabad; _bNUST-SEECS; _c2012. |
||
| 300 |
_a156p. _b;ill. _c;27cm.+ _eCD ROM |
||
| 500 | _aSupervisors; Dr. Syed Ali Khayam | ||
| 600 |
_xPhD- Information Technology _9124755 |
||
| 700 |
_aSupervisors; Dr. Syed Ali Khayam _9124756 |
||
| 856 | _u http://10.250.8.41:8080/xmlui/handle/123456789/5258 | ||
| 942 |
_cSC _k200 _2ddc |
||
| 999 |
_c11354 _d11354 |
||